000 00516nam a2200169Ia 4500
005 20250508161859.0
008 008 250505s9999 xx 000 0 eng d
037 _aTextual
040 _aFEDL
_beng
_cFEDL
041 _aeng
_2eng
084 _a378, CAR
_qFEDL
245 0 _aPriorities for action : Final report of the carnegie commission on higher education
260 _aNew York, USA
_bMcGraw-Hill Book Company
_c1973
300 _ax,243p
942 _cTEXL
_h378, CAR
999 _c1372906
_d1372906